000
00330nam a2200157Ia 4500
100
_a
Moudgalya/Kannan M
650
_a
Digital control
942
_c
BK
366
_f
27
245
_a
Digital control
260
_b
Wiley India
_c
2007
082
_a
629.895
_b
MOU
300
_a
543
546
_a
ENGLISH
_c
PAMPHALETS
999
_c
19758
_d
19758